000 00530nam a2200193Ia 4500
008 151121s9999||||xx |||||||||||||| ||und||
082 _a813/मंत्री
082 _bHNW-64135
100 _aमंत्री रमेश
245 _aमहानगर
260 _bमॅजेस्टिक
260 _c--
300 _a261
600 _aमंत्री रमेश
630 _aमहानगर
700 _aमंत्री रमेश
730 _aमहानगर
942 _cBOOK
999 _c1245665
_d1245662